UK's Best Selling Cars of all Time. - Statistics

General Stats
  • This quiz has been taken 103 times
  • The average score is 7 of 10
Answer Stats
Position Manufacturer Answer % Correct
1 Ford Fiesta
93%
7 VW Golf
89%
8 Ford Focus
84%
3 Vauxhall Astra
82%
5 Vauxhall Corsa
77%
2 Ford Escort
66%
9 Rover/Austin Mini
59%
4 Ford Cortina
55%
6 Vauxhall Cavalier
48%
10 Rover/Austin Metro
43%
No matching quizzes found
Score Distribution
Percent of People with Each Score
Percentile by Number Answered
Your Score History
You have not taken this quiz